| 000 | 00690pam a2200229 a 4500 | ||
|---|---|---|---|
| 001 | 1085981 | ||
| 005 | 20180208094348.0 | ||
| 008 | 920731s1993 moua 001 0 eng | ||
| 010 | _a 92000585 | ||
| 020 |
_z080167064 : _c$6.00 |
||
| 040 |
_aDLC _cDLC _dDLC |
||
| 041 | _aeng | ||
| 080 | _a616.0252 ARC | ||
| 082 | 0 | 0 |
_a616.0252 ARC _220 |
| 100 | _a1 | ||
| 101 | _aINF | ||
| 245 | 0 | 0 |
_aCommunity first aid & safety / _cAmerican Red Cross. |
| 740 | 0 | _aCommunity first aid and safety. | |
| 906 |
_a7 _bcbc _corignew _d1 _eocip _f19 _gy-gencatlg |
||
| 942 |
_2ddc _cBK |
||
| 999 |
_c42192 _d42192 |
||